000
00231nam a2200097Ia 4500
008
190216s9999||||xx |||||||||||||| ||und||
100
_a
Gopinath Bhattacharya
245
0
_a
Shudha Jyamithi
260
_b
Kerala Basha Inst
942
_c
BK
999
_c
37865
_d
37865